000 01103nam a22002777a 4500
005 20240530110618.0
008 161207s2015 su a g b 000 0 ara d
017 _a1435/4494
_bالسعودية . مكتبة الملك فهد الوطنية
020 _a9786038139424
040 _aEG-CaGPL
082 0 4 _221
_a375.001\
_bب م
100 0 _aبهيرة شفيق ابراهيم الرباط
245 1 2 _aالمناهج الدراسية :
_bرؤية استشرافية /
_cبهيرة شفيق ابراهيم الرباط
250 _aط. 1
260 _aالرياض :
_bدار الزهراء للنشر والتوزيع ،
_c2015.
300 _a558 ص. :
_bجداول ، صور ؛
_c24 سم.
504 _aببليوجرافية : ص 519 - 537
650 0 7 _2qrmak
_aالتدريس
650 0 7 _2qrmak
_aالتعليم
_xمناهج
650 0 7 _2qrmak
_aالمدارس
_xمناهج
650 0 7 _2qrmak
_aالمناهج
650 0 7 _2qrmak
_aالمناهج التعليمية
650 0 7 _2qrmak
_aالمناهج
_xتطوير
942 _2ddc
_cBK
999 _c63006
_d63006